[Event "Stockholm op"]
[Site "Stockholm"]
[Date "2015.08.23"]
[Round "9"]
[White "Hallerod, Ralph"]
[Black "Sjodin, Bengt"]
[Result "1/2-1/2"]
[WhiteElo "2047"]
[BlackElo "2085"]
[PlyCount "83"]
[EventDate "2015.08.17"]
[EventType "swiss"]
[EventRounds "9"]
[EventCountry "SWE"]
[SourceTitle "EXT 2016"]
[Source "ChessBase"]
[SourceDate "2015.10.08"]
[SourceVersion "1"]
[SourceVersionDate "2015.10.08"]
[SourceQuality "1"]

1. d4 e6 2. c4 b6 3. Nc3 Bb7 4. e4 Bb4 5. Qc2 Qh4 6. Bd3 f5 7. g3 Qe7 8. Nge2 Nf6 9. 0-0 fxe4 10. Nxe4 Nxe4 11. Bxe4 Bxe4 12. Qxe4 c6 13. a3 Bd6 14. Bf4 0-0 15. Rad1 Na6 16. Bxd6 Qxd6 17. Qe5 Qb8 18. b4 b5 19. cxb5 cxb5 20. f4 Rf5 21. Qxb8+ Rxb8 22. d5 Rxd5 23. Rxd5 exd5 24. Rd1 Nc7 25. Rc1 Rb7 26. Kf2 Kf7 27. Ke3 g6 28. Rc5 d6 29. Rc6 Ke7 30. Kd4 Kd7 31. Rc1 a5 32. g4 axb4 33. axb4 Ra7 34. Nc3 Ra3 35. f5 gxf5 36. gxf5 Rb3 37. Nxd5 Nxd5 38. Kxd5 Rxb4 39. Rg1 Ke7 40. Rg7+ Kf6 41. Rxh7 Kxf5 42. Kxd6 1/2-1/2

[Event "EU-chT Seniors"]
[Site "Vienna"]
[Date "2015.07.19"]
[Round "8.11"]
[White "Hallerod, Ralph"]
[Black "Gneiss, Karl"]
[Result "0-1"]
[WhiteElo "2065"]
[BlackElo "2174"]
[PlyCount "74"]
[EventDate "2015.07.12"]
[EventType "team-swiss"]
[EventRounds "9"]
[EventCountry "AUT"]
[SourceTitle "EXT 2018"]
[Source "ChessBase"]
[SourceDate "2017.10.13"]
[SourceVersion "1"]
[SourceVersionDate "2017.10.13"]
[SourceQuality "1"]
[WhiteTeam "Sweden II"]
[BlackTeam "Austria II"]
[WhiteTeamCountry "SWE"]
[BlackTeamCountry "AUT"]

1. Nf3 c5 2. c3 Nf6 3. d4 e6 4. Bg5 Qb6 5. Qb3 Nc6 6. Qxb6 axb6 7. Bxf6 gxf6 8. e3 d5 9. Bb5 Bd6 10. 0-0 Rg8 11. Rd1 Ke7 12. Kh1 Bd7 13. Be2 f5 14. b3 Rgc8 15. c4 dxc4 16. bxc4 Nb4 17. a3 Ra5 18. dxc5 bxc5 19. Nc3 Rca8 20. Rxd6 Kxd6 21. Rd1+ Ke7 22. axb4 cxb4 23. Nb1 Ra1 24. Rc1 Bc6 25. Nfd2 R8a2 26. Nb3 Be4 27. Nxa1 Rxa1 28. Bd1 Rxb1 29. Rxb1 Bxb1 30. Bb3 Kd6 31. f3 Kc5 32. g4 fxg4 33. fxg4 Bd3 34. g5 e5 35. h4 e4 36. Kg2 Bxc4 37. Bc2 Kd5 0-1

[Event "EU-chT Seniors"]
[Site "Vienna"]
[Date "2015.07.14"]
[Round "3.21"]
[White "Hallerod, Ralph"]
[Black "Strauss, Peter"]
[Result "1-0"]
[WhiteElo "2065"]
[BlackElo "1829"]
[PlyCount "71"]
[EventDate "2015.07.12"]
[EventType "team-swiss"]
[EventRounds "9"]
[EventCountry "AUT"]
[SourceTitle "EXT 2018"]
[Source "ChessBase"]
[SourceDate "2017.10.13"]
[SourceVersion "1"]
[SourceVersionDate "2017.10.13"]
[SourceQuality "1"]
[WhiteTeam "Sweden II"]
[BlackTeam "DSW DBAG III"]
[WhiteTeamCountry "SWE"]
[BlackTeamCountry "GER"]

1. d4 Nf6 2. c4 e6 3. Nc3 Bb4 4. e3 0-0 5. Nge2 b6 6. a3 Be7 7. e4 d6 8. Ng3 c5 9. d5 exd5 10. exd5 Re8 11. Be2 Nbd7 12. 0-0 Ne5 13. h3 Bd7 14. b3 Qc8 15. Qc2 a6 16. Kh2 b5 17. f4 Ng6 18. Bd3 Bf8 19. Bd2 Rb8 20. Nce4 Nxe4 21. Bxe4 bxc4 22. bxc4 Re7 23. f5 Ne5 24. f6 gxf6 25. Bxh7+ Kh8 26. Rf4 Bh6 27. Rh4 Bg5 28. Bg8+ Kg7 29. Bxg5 fxg5 30. Qh7+ Kf8 31. Qh6+ Ke8 32. Qxg5 Ng6 33. Bxf7+ Kxf7 34. Rh7+ Kf8 35. Rf1+ Ke8 36. Rh8+ 1-0

[Event "Guernsey op 40th"]
[Site "Vale"]
[Date "2014.10.21"]
[Round "3"]
[White "Hillarp Persson, Tiger"]
[Black "Hallerod, Ralph"]
[Result "1-0"]
[WhiteElo "2555"]
[BlackElo "2115"]
[PlyCount "77"]
[EventDate "2014.10.19"]
[EventType "swiss"]
[EventRounds "7"]
[EventCountry "GCI"]
[SourceTitle "EXT 2016"]
[Source "ChessBase"]
[SourceDate "2015.10.08"]
[SourceVersion "1"]
[SourceVersionDate "2015.10.08"]
[SourceQuality "1"]

1. d4 Nf6 2. c4 g6 3. Nc3 Bg7 4. e4 d6 5. Nge2 0-0 6. Ng3 e5 7. d5 Nbd7 8. h4 h6 9. h5 Kh7 10. Be2 Ng8 11. Be3 Ndf6 12. Qc2 Bg4 13. f3 Bd7 14. 0-0-0 g5 15. Kb1 Ne8 16. Nf1 f6 17. c5 Rf7 18. Bb5 dxc5 19. Bxc5 Bf8 20. Bxf8 Rxf8 21. Ne3 Nd6 22. Bxd7 Qxd7 23. Qd3 Ne7 24. g3 a5 25. f4 b5 26. Rdf1 b4 27. Ncd1 Kh8 28. Nf2 exf4 29. gxf4 gxf4 30. Ng2 Nf7 31. Nxf4 Ne5 32. Qe3 Ng8 33. N2d3 Rfe8 34. Nxe5 fxe5 35. Ng6+ Kh7 36. Qh3 Qg7 37. Qf5 Ra6 38. Nxe5+ Kh8 39. Nf7+ 1-0

[Event "Guernsey op 40th"]
[Site "Vale"]
[Date "2014.10.20"]
[Round "2"]
[White "Hallerod, Ralph"]
[Black "Grieve, Harry"]
[Result "1-0"]
[WhiteElo "2115"]
[BlackElo "1738"]
[PlyCount "93"]
[EventDate "2014.10.19"]
[EventType "swiss"]
[EventRounds "7"]
[EventCountry "GCI"]
[SourceTitle "EXT 2016"]
[Source "ChessBase"]
[SourceDate "2015.10.08"]
[SourceVersion "1"]
[SourceVersionDate "2015.10.08"]
[SourceQuality "1"]

1. d4 Nf6 2. c4 e6 3. Nf3 d5 4. Nc3 Bb4 5. Bg5 Nbd7 6. cxd5 Bxc3+ 7. bxc3 exd5 8. e3 0-0 9. Bd3 h6 10. Bh4 c5 11. 0-0 Qa5 12. Qc2 c4 13. Be2 Ne4 14. Rfc1 f5 15. Nd2 Ndf6 16. f3 Nxd2 17. Qxd2 Bd7 18. Bg3 Rfe8 19. Be5 Qa6 20. Bf1 Ba4 21. g3 Kh7 22. Bh3 g6 23. Re1 Nd7 24. Bf4 Nf6 25. Rab1 Re7 26. Re2 Rae8 27. Rbe1 b5 28. e4 dxe4 29. Bxh6 Qd6 30. Bf4 Qd5 31. Bg5 Re6 32. Bxf6 Rxf6 33. fxe4 fxe4 34. Bg2 Rfe6 35. Qf4 Qf5 36. Qh4+ Qh5 37. Qxh5+ gxh5 38. Rxe4 Rxe4 39. Rxe4 Rxe4 40. Bxe4+ Kg7 41. Kf2 Kf6 42. a3 a5 43. Ke2 Kg5 44. Bd5 h4 45. gxh4+ Kxh4 46. Be6 Kg5 47. Kd2 1-0

[Event "Vasteras op"]
[Site "Vasteras"]
[Date "2014.09.26"]
[Round "2"]
[White "Hallerod, Ralph"]
[Black "Smith, Axel"]
[Result "0-1"]
[WhiteElo "2115"]
[BlackElo "2481"]
[PlyCount "94"]
[EventDate "2014.09.26"]
[EventType "swiss"]
[EventRounds "8"]
[EventCountry "SWE"]
[SourceTitle "CBM 162 Extra"]
[Source "ChessBase"]
[SourceDate "2014.10.17"]
[SourceVersion "1"]
[SourceVersionDate "2014.10.17"]
[SourceQuality "1"]

1. d4 Nf6 2. c4 g6 3. Nc3 d5 4. Bf4 Bg7 5. e3 c5 6. dxc5 Qa5 7. Qa4+ Qxa4 8. Nxa4 Bd7 9. Nc3 Ne4 10. Nxd5 Na6 11. 0-0-0 e6 12. Nc7+ Nxc7 13. Bxc7 Nxf2 14. Nh3 Nxh1 15. Be2 Rc8 16. Bd6 Bc6 17. Bf3 Bxf3 18. gxf3 b6 19. Rxh1 bxc5 20. Nf2 Rc6 21. Bf4 0-0 22. Rd1 e5 23. Bg5 f6 24. Bh4 g5 25. Bg3 f5 26. Nd3 f4 27. exf4 exf4 28. Bf2 Rd8 29. Nxc5 Bxb2+ 30. Kc2 Rxd1 31. Kxd1 Ba3 32. Ne4 Rxc4 33. Bxa7 h6 34. Bf2 Rc1+ 35. Ke2 Rh1 36. Kd3 Rxh2 37. Nf6+ Kf7 38. Ng4 Rh3 39. Ke4 Rh1 40. Kf5 Bb2 41. a4 Bg7 42. a5 h5 43. Kxg5 hxg4 44. Kxf4 gxf3 45. Kxf3 Ke6 46. a6 Ra1 47. a7 Ke5 0-1

[Event "Stockholm op"]
[Site "Stockholm"]
[Date "2014.06.01"]
[Round "9"]
[White "Hallerod, Ralph"]
[Black "Helin, Mikael"]
[Result "0-1"]
[WhiteElo "2130"]
[BlackElo "1879"]
[PlyCount "98"]
[EventDate "2014.05.28"]
[EventType "swiss"]
[EventRounds "9"]
[EventCountry "SWE"]
[SourceTitle "CBM 160 Extra"]
[Source "ChessBase"]
[SourceDate "2014.07.01"]
[SourceVersion "1"]
[SourceVersionDate "2014.07.01"]
[SourceQuality "1"]

1. d4 g6 2. c4 Bg7 3. Nc3 d6 4. e4 Nc6 5. Be3 Nf6 6. Be2 0-0 7. Rc1 h6 8. h3 e5 9. d5 Nb8 10. Qd2 Kh7 11. c5 a5 12. cxd6 cxd6 13. Qc2 Na6 14. Nf3 b6 15. Nd2 Nc5 16. a3 a4 17. Bxc5 bxc5 18. Nxa4 Ne8 19. b4 Bd7 20. Nxc5 dxc5 21. bxc5 Ba4 22. Qc3 f5 23. Nc4 Nf6 24. Nb6 fxe4 25. Qc4 Rb8 26. Qxa4 e3 27. 0-0 Nxd5 28. Nxd5 Qxd5 29. fxe3 Qd2 30. Qc2 Rxf1+ 31. Bxf1 Qxe3+ 32. Kh1 e4 33. Rb1 Qf4 34. Rxb8 Qxf1+ 35. Kh2 Qf4+ 36. g3 Qxb8 37. Qxe4 Qb2+ 38. Qg2 Qxa3 39. c6 Qd6 40. h4 h5 41. Qf3 Be5 42. Qg2 Kg7 43. Qf3 Qb4 44. Kh3 Qb1 45. Kh2 Qf5 46. Kg2 Kf6 47. Qb3 Qe4+ 48. Qf3+ Qxf3+ 49. Kxf3 Kf5 0-1

[Event "Stockholm op"]
[Site "Stockholm"]
[Date "2014.05.30"]
[Round "5"]
[White "Hallerod, Ralph"]
[Black "Cederstam Barsk, Carl"]
[Result "0-1"]
[WhiteElo "2130"]
[BlackElo "2259"]
[PlyCount "116"]
[EventDate "2014.05.28"]
[EventType "swiss"]
[EventRounds "9"]
[EventCountry "SWE"]
[SourceTitle "CBM 160 Extra"]
[Source "ChessBase"]
[SourceDate "2014.07.01"]
[SourceVersion "1"]
[SourceVersionDate "2014.07.01"]
[SourceQuality "1"]

1. d4 Nf6 2. c4 c5 3. Nf3 cxd4 4. Nxd4 e6 5. g3 d5 6. Bg2 Bb4+ 7. Bd2 Be7 8. Nc3 e5 9. Nc2 d4 10. Nd5 Nxd5 11. cxd5 Na6 12. 0-0 0-0 13. a3 Nc5 14. b4 Nb3 15. Rb1 Nxd2 16. Qxd2 Qb6 17. e3 Bf5 18. e4 Bd7 19. Kh1 Rac8 20. f4 Qh6 21. Qd1 Ba4 22. Rb2 Bd6 23. Qd2 exf4 24. Nxd4 fxg3 25. Qxh6 gxh6 26. Nf5 Be5 27. Rd2 Rc3 28. Nxh6+ Kg7 29. Nf5+ Kg8 30. Nh6+ Kg7 31. Nf5+ Kh8 32. hxg3 Rxa3 33. Rdf2 Bd7 34. Rb1 f6 35. g4 h6 36. Nxh6 Kh7 37. Nf5 Rh8 38. Rf3 Kg6+ 39. Kg1 Ra2 40. Rf2 Bh2+ 41. Kf1 Bb5+ 42. Ke1 Ra3 43. Rf3 Rxf3 44. Bxf3 Be5 45. Kf2 Kg5 46. Rh1 Rxh1 47. Bxh1 Kf4 48. Bf3 Bc3 49. Nd6 Bd7 50. Nxb7 Bxb4 51. Nd8 a5 52. Nc6 Bc5+ 53. Kg2 a4 54. Bd1 a3 55. Bb3 Bxg4 56. Kf1 Kxe4 57. Ke1 Kd3 58. Na5 Bb4+ 0-1

[Event "Stockholm op"]
[Site "Stockholm"]
[Date "2014.05.30"]
[Round "6"]
[White "Hallerod, Ralph"]
[Black "Stupak, Kirill"]
[Result "0-1"]
[WhiteElo "2130"]
[BlackElo "2486"]
[PlyCount "76"]
[EventDate "2014.05.28"]
[EventType "swiss"]
[EventRounds "9"]
[EventCountry "SWE"]
[SourceTitle "CBM 160 Extra"]
[Source "ChessBase"]
[SourceDate "2014.07.01"]
[SourceVersion "1"]
[SourceVersionDate "2014.07.01"]
[SourceQuality "1"]

1. d4 Nf6 2. c4 e6 3. Nf3 c5 4. e3 cxd4 5. exd4 b6 6. g3 Bb7 7. Bg2 d6 8. 0-0 Be7 9. Nc3 Nbd7 10. b3 0-0 11. Re1 Rc8 12. Bb2 a6 13. a4 Qc7 14. Rc1 Rfe8 15. h3 Bf8 16. Re3 Qb8 17. Ne1 g6 18. Bxb7 Qxb7 19. d5 e5 20. Nd3 Nc5 21. Nb4 Bh6 22. Rf3 Bxc1 23. Bxc1 Nfe4 24. Nxe4 Nxe4 25. Nc6 f5 26. Kg2 b5 27. cxb5 axb5 28. a5 b4 29. Bd2 Rxc6 30. dxc6 Qxc6 31. Bxb4 Rb8 32. Be1 Ng5 33. b4 Kf7 34. h4 Qxf3+ 35. Qxf3 Nxf3 36. Kxf3 Ke6 37. a6 Kd5 38. b5 Rxb5 0-1

[Event "Stockholm op"]
[Site "Stockholm"]
[Date "2014.05.28"]
[Round "2"]
[White "Flodmark, Tarras"]
[Black "Hallerod, Ralph"]
[Result "0-1"]
[WhiteElo "1924"]
[BlackElo "2130"]
[PlyCount "94"]
[EventDate "2014.05.28"]
[EventType "swiss"]
[EventRounds "9"]
[EventCountry "SWE"]
[SourceTitle "CBM 160 Extra"]
[Source "ChessBase"]
[SourceDate "2014.07.01"]
[SourceVersion "1"]
[SourceVersionDate "2014.07.01"]
[SourceQuality "1"]

1. d4 Nf6 2. Nf3 b6 3. c4 g6 4. Nc3 Bg7 5. e3 Bb7 6. Bd3 c5 7. d5 d6 8. 0-0 0-0 9. Qc2 Na6 10. a3 e5 11. dxe6 fxe6 12. e4 e5 13. Bg5 h6 14. Be3 Nc7 15. Nd5 Ne6 16. Be2 g5 17. Rad1 Nd4 18. Nxd4 exd4 19. Bc1 Re8 20. Nxf6+ Qxf6 21. Bd3 Qe6 22. Rde1 Be5 23. f4 gxf4 24. Bxf4 Re7 25. Bxe5 dxe5 26. Rf3 Rf8 27. Ref1 Rxf3 28. Rxf3 Rf7 29. Qf2 Rxf3 30. Qxf3 Qg6 31. Kf2 Bc8 32. Qg3 Qxg3+ 33. Kxg3 Be6 34. b3 Kg7 35. Kh4 b5 36. a4 bxa4 37. bxa4 a5 38. Kg3 Bd7 39. Bc2 d3 40. Bb3 h5 41. h3 Kg6 42. Kf3 Kg5 43. Ke3 Be6 44. Kxd3 Kf4 45. Bd1 h4 46. Bh5 Bd7 47. Bg6 Kg3 0-1

[Event "EU-chT Seniors"]
[Site "Sibenik"]
[Date "2014.04.06"]
[Round "6.13"]
[White "Reuben, Stewart"]
[Black "Hallerod, Ralph"]
[Result "0-1"]
[WhiteElo "2063"]
[BlackElo "2086"]
[PlyCount "58"]
[EventDate "2014.04.01"]
[EventType "team-swiss"]
[EventRounds "9"]
[EventCountry "CRO"]
[SourceTitle "CBM 159 Extra"]
[Source "ChessBase"]
[SourceDate "2014.04.24"]
[SourceVersion "1"]
[SourceVersionDate "2014.04.24"]
[SourceQuality "1"]
[WhiteTeam "England Seniors II"]
[BlackTeam "Sweden Seniors III"]
[WhiteTeamCountry "ENG"]
[BlackTeamCountry "SWE"]

1. c4 Nf6 2. b3 g6 3. Bb2 Bg7 4. e4 d6 5. Be2 0-0 6. Nc3 Nxe4 7. Qc2 Nxc3 8. Bxc3 c5 9. Bxg7 Kxg7 10. Bf3 Qc7 11. Ne2 Nc6 12. Qc3+ e5 13. 0-0-0 Nd4 14. Nxd4 cxd4 15. Qc2 Rb8 16. Bd5 b5 17. d3 bxc4 18. dxc4 Bb7 19. Bxb7 Qxb7 20. f3 Rfc8 21. Kd2 Qb4+ 22. Ke2 d5 23. Rc1 f6 24. Rhd1 Rc7 25. Qd2 dxc4 26. bxc4 Rxc4 27. Qxb4 Rbxb4 28. a3 Rb2+ 29. Kd3 Rxc1 0-1

[Event "EU-chT Seniors"]
[Site "Sibenik"]
[Date "2014.04.04"]
[Round "4.6"]
[White "Wahlbom, Magnus"]
[Black "Hallerod, Ralph"]
[Result "0-1"]
[WhiteElo "2291"]
[BlackElo "2086"]
[PlyCount "82"]
[EventDate "2014.04.01"]
[EventType "team-swiss"]
[EventRounds "9"]
[EventCountry "CRO"]
[SourceTitle "CBM 159 Extra"]
[Source "ChessBase"]
[SourceDate "2014.04.24"]
[SourceVersion "1"]
[SourceVersionDate "2014.04.24"]
[SourceQuality "1"]
[WhiteTeam "Sweden Seniors"]
[BlackTeam "Sweden Seniors III"]
[WhiteTeamCountry "SWE"]
[BlackTeamCountry "SWE"]

1. e4 e5 2. Nf3 Nc6 3. Bb5 Nd4 4. Nxd4 exd4 5. 0-0 c6 6. Bc4 Nf6 7. Re1 d6 8. h3 Be7 9. d3 0-0 10. Bb3 Be6 11. Nd2 Nd7 12. c3 c5 13. Nf3 Bf6 14. cxd4 cxd4 15. Bd2 Nc5 16. Bc2 Nd7 17. b4 g5 18. Nh2 Ne5 19. Qh5 Kh8 20. Rec1 Rg8 21. Ng4 Bxg4 22. hxg4 Rg6 23. Qh3 Kg7 24. Kf1 Qd7 25. f3 h5 26. gxh5 Qxh3 27. gxh3 Rh6 28. Kg2 Rxh5 29. Rh1 Ng6 30. Bb3 Rc8 31. Rac1 Rhh8 32. Bd5 b6 33. Bb7 Rc3 34. Rxc3 dxc3 35. Be3 Be5 36. Kf2 Nf4 37. d4 Rxh3 38. Rg1 Rh2+ 39. Kf1 Nh3 40. Rg2 Rxg2 41. Kxg2 Bf4 0-1

[Event "Stockholm All Saints op"]
[Site "Stockholm"]
[Date "2013.10.31"]
[Round "1"]
[White "Bannout, Edvin"]
[Black "Hallerod, Ralph"]
[Result "0-1"]
[WhiteElo "1777"]
[BlackElo "2124"]
[PlyCount "81"]
[EventDate "2013.10.31"]
[EventType "swiss"]
[EventRounds "7"]
[EventCountry "SWE"]
[SourceTitle "EXT 2014"]
[Source "ChessBase"]
[SourceDate "2013.11.20"]
[SourceVersion "1"]
[SourceVersionDate "2013.11.20"]
[SourceQuality "1"]

1. e4 c6 2. d4 d5 3. exd5 cxd5 4. c4 Nf6 5. Nc3 g6 6. cxd5 Bg7 7. Bb5+ Nbd7 8. d6 exd6 9. Qe2+ Kf8 10. Nf3 a6 11. Bc4 b5 12. Bb3 Bb7 13. 0-0 Nb6 14. Ng5 d5 15. Bc2 Nfd7 16. Nf3 h6 17. Bf4 Qf6 18. Be5 Nxe5 19. Nxe5 Kg8 20. f4 Kh7 21. f5 g5 22. Ng4 Qxd4+ 23. Kh1 f6 24. Rad1 Qc5 25. Bb3 Rab8 26. Qe6 Rhf8 27. Nxd5 Nxd5 28. Bxd5 Rbe8 29. Bxb7 Rxe6 30. fxe6 f5 31. Nf2 Re8 32. Bd5 Bd4 33. Rxd4 Qxd4 34. Bb3 Qxb2 35. Kg1 Qe2 36. Rd1 Rxe6 37. Bxe6 Qxe6 38. a4 bxa4 39. Ra1 a3 40. Kf1 Qc4+ 41. Kg1 0-1

[Event "Stockholm op"]
[Site "Stockholm"]
[Date "2013.08.11"]
[Round "9"]
[White "Cederstam Barsk, Carl"]
[Black "Hallerod, Ralph"]
[Result "1-0"]
[WhiteElo "2240"]
[BlackElo "2128"]
[PlyCount "201"]
[EventDate "2013.08.05"]
[EventType "swiss"]
[EventRounds "9"]
[EventCountry "SWE"]
[SourceTitle "CBM 155 Extra"]
[Source "ChessBase"]
[SourceDate "2013.08.26"]
[SourceVersion "1"]
[SourceVersionDate "2013.08.26"]
[SourceQuality "1"]

1. d4 c6 2. e4 d5 3. exd5 cxd5 4. Bd3 Nc6 5. c3 Nf6 6. Bf4 g6 7. Qc2 Bg7 8. Nf3 0-0 9. 0-0 Nh5 10. Bg5 f6 11. Bh4 Nf4 12. Bb5 a6 13. Bxc6 bxc6 14. Bg3 Bf5 15. Qd2 Nh5 16. Re1 Nxg3 17. hxg3 Qd6 18. Qe2 Bg4 19. Qxe7 Qxe7 20. Rxe7 Rfe8 21. Rxe8+ Rxe8 22. Kf1 Bh6 23. Na3 Bf5 24. Rd1 Bf8 25. Ne1 Bxa3 26. bxa3 Rb8 27. Rd2 Rb1 28. f3 Rc1 29. g4 Bb1 30. Ke2 g5 31. Rb2 Bg6 32. Kd2 Rb1 33. Rxb1 Bxb1 34. Nd3 Bxa2 35. Nb4 Bc4 36. Nxc6 Kf7 37. Ke3 Ke6 38. g3 Bb5 39. Na5 Kd6 40. Kd2 Kc7 41. c4 dxc4 42. Kc3 Ba4 43. Nxc4 Bd1 44. Nd2 Kd6 45. Kd3 Ke6 46. Kc4 f5 47. d5+ Ke5 48. gxf5 h5 49. d6 Kxd6 50. Kd4 h4 51. Ne4+ Ke7 52. f6+ Kf8 53. gxh4 gxh4 54. Ng5 Ba4 55. Ke5 Bd7 56. Kf4 Bc8 57. Ke3 Bd7 58. Kf2 a5 59. f4 a4 60. Nf3 Bc8 61. Ne5 Bb7 62. Nc4 Bd5 63. Nd6 Bc6 64. Kg1 h3 65. Nc4 Bd5 66. Ne5 Be4 67. Kh2 Bg2 68. Kg3 Bf1 69. Ng4 Kf7 70. Ne3 Bb5 71. Nd5 Bc6 72. Nc3 Bd7 73. Ne4 Bc6 74. Nc5 Kxf6 75. Kxh3 Ke7 76. Kg4 Kd6 77. Nd3 Be4 78. Nb2 Bc2 79. Kf3 Ke6 80. Ke2 Kf5 81. Ke3 Bb3 82. Nd3 Bc4 83. Nb4 Bb5 84. Nc2 Kf6 85. Nd4 Ba6 86. Kd2 Bc8 87. Kc3 Bd7 88. Kc4 Be8 89. Kb4 Bd7 90. Ka5 Be8 91. Nb5 Bd7 92. Kxa4 Kf5 93. Kb4 Kxf4 94. Kc5 Ke5 95. a4 Bc8 96. Na7 Bb7 97. Nc6+ Ke4 98. a5 Kf5 99. Kb6 Ba8 100. Nd8 Ke5 101. Nb7 1-0

[Event "Stockholm op"]
[Site "Stockholm"]
[Date "2013.08.09"]
[Round "7"]
[White "Jansson, Anders Owen"]
[Black "Hallerod, Ralph"]
[Result "1-0"]
[WhiteElo "2116"]
[BlackElo "2128"]
[PlyCount "73"]
[EventDate "2013.08.05"]
[EventType "swiss"]
[EventRounds "9"]
[EventCountry "SWE"]
[SourceTitle "CBM 155 Extra"]
[Source "ChessBase"]
[SourceDate "2013.08.26"]
[SourceVersion "1"]
[SourceVersionDate "2013.08.26"]
[SourceQuality "1"]

1. Nf3 Nf6 2. c4 g6 3. Nc3 Bg7 4. e4 d6 5. d4 0-0 6. Be2 e5 7. Be3 Nc6 8. d5 Ne7 9. Nd2 Ne8 10. f3 f5 11. b4 c6 12. 0-0 cxd5 13. cxd5 f4 14. Bf2 g5 15. Rc1 Ng6 16. Nb5 a6 17. Nc3 Bd7 18. Nc4 Bf6 19. Nb6 Rb8 20. b5 Bxb5 21. Nxb5 axb5 22. Bxb5 g4 23. Nd7 Ra8 24. Nxf8 Nxf8 25. fxg4 Rxa2 26. Rc2 Ra5 27. Qd3 Bh4 28. Bxh4 Qb6+ 29. Bf2 Qxb5 30. Qxb5 Rxb5 31. Rc4 Rb2 32. h3 b5 33. Rc8 Kf7 34. Ra1 Nf6 35. Ra7+ N8d7 36. Bh4 Nxe4 37. Rxd7+ 1-0

[Event "Stockholm op"]
[Site "Stockholm"]
[Date "2013.08.05"]
[Round "3"]
[White "Olund, Joar"]
[Black "Hallerod, Ralph"]
[Result "1-0"]
[WhiteElo "2226"]
[BlackElo "2128"]
[PlyCount "79"]
[EventDate "2013.08.05"]
[EventType "swiss"]
[EventRounds "9"]
[EventCountry "SWE"]
[SourceTitle "CBM 155 Extra"]
[Source "ChessBase"]
[SourceDate "2013.08.26"]
[SourceVersion "1"]
[SourceVersionDate "2013.08.26"]
[SourceQuality "1"]

1. d4 Nf6 2. c4 e6 3. Nc3 Bb4 4. Qc2 Nc6 5. Nf3 0-0 6. e4 Bxc3+ 7. bxc3 d6 8. Ba3 Re8 9. c5 e5 10. d5 Ne7 11. Nd2 Rf8 12. Bd3 Ne8 13. c4 f5 14. 0-0 f4 15. cxd6 cxd6 16. c5 f3 17. g3 Rf6 18. Rfc1 Ng6 19. cxd6 Qd7 20. Bf1 Qg4 21. h3 Qh5 22. Qxc8 Rxc8 23. Rxc8 Nf8 24. Rd8 Qf7 25. Bb5 Nxd6 26. Bxd6 Rxd6 27. Rxd6 Qc7 28. Re6 Nxe6 29. dxe6 Qd6 30. Bc4 Kf8 31. Nxf3 b5 32. Bd5 a5 33. a4 b4 34. Rd1 Qc7 35. Rd3 Ke7 36. Bb3 Qc6 37. Rd7+ Ke8 38. Nxe5 Qxe4 39. Nf7 Qe1+ 40. Kg2 1-0

[Event "Stockholm Seniors op"]
[Site "Stockholm"]
[Date "2013.05.09"]
[Round "3"]
[White "Hecht, Hans Joachim"]
[Black "Hallerod, Ralph"]
[Result "1-0"]
[WhiteElo "2346"]
[BlackElo "2124"]
[PlyCount "114"]
[EventDate "2013.05.09"]
[EventType "swiss"]
[EventRounds "8"]
[EventCountry "SWE"]
[SourceTitle "CBM 154 Extra"]
[Source "ChessBase"]
[SourceDate "2013.06.25"]
[SourceVersion "2"]
[SourceVersionDate "2013.06.25"]
[SourceQuality "1"]

1. d4 Nf6 2. c4 e6 3. Nc3 Bb4 4. e3 Nc6 5. Bd3 0-0 6. Nge2 d6 7. a3 Bxc3+ 8. Nxc3 e5 9. d5 Ne7 10. 0-0 a5 11. Qc2 h6 12. Bd2 Ne8 13. f4 f5 14. e4 fxe4 15. Nxe4 exf4 16. Bxf4 Bf5 17. Rae1 Nf6 18. Nxf6+ Rxf6 19. Bxf5 Nxf5 20. Be5 dxe5 21. Rxf5 Rxf5 22. Qxf5 Qh4 23. Re4 Qe7 24. Qxe5 Qc5+ 25. Qd4 Qd6 26. Re6 Qf8 27. c5 Qf5 28. Qe4 Rf8 29. Qxf5 Rxf5 30. d6 cxd6 31. cxd6 Rd5 32. Re8+ Kh7 33. Rb8 Rxd6 34. Rxb7 a4 35. Kf2 Kg6 36. Ke3 Kf6 37. Rb4 Re6+ 38. Kd3 Rd6+ 39. Kc3 Rc6+ 40. Rc4 Ra6 41. h4 g5 42. g3 gxh4 43. gxh4 Kf5 44. Kb4 Rb6+ 45. Kxa4 Rxb2 46. Ka5 h5 47. a4 Rb8 48. Ka6 Ra8+ 49. Kb7 Ra5 50. Kb6 Ra8 51. a5 Rb8+ 52. Kc7 Ra8 53. Ra4 Ra7+ 54. Kb6 Re7 55. a6 Re6+ 56. Kc5 Re5+ 57. Kd6 Re6+ 1-0

[Event "SWE-ch Veterans"]
[Site "Falun"]
[Date "2012.07.13"]
[Round "7"]
[White "Nilsson, Weine"]
[Black "Hallerod, Ralph"]
[Result "1-0"]
[WhiteElo "1990"]
[BlackElo "2068"]
[PlyCount "65"]
[EventDate "2012.07.07"]
[EventType "swiss"]
[EventRounds "9"]
[EventCountry "SWE"]
[SourceTitle "CBM 149 Extra"]
[Source "ChessBase"]
[SourceDate "2012.08.24"]
[SourceVersion "1"]
[SourceVersionDate "2012.08.24"]
[SourceQuality "1"]

1. e4 e5 2. Nf3 Nc6 3. Bb5 Nd4 4. Nxd4 exd4 5. 0-0 c6 6. Bd3 Bc5 7. c3 d6 8. b4 Bb6 9. Bb2 Qf6 10. Na3 Nh6 11. Nc4 dxc3 12. dxc3 Bc7 13. Ne3 0-0 14. Rb1 d5 15. exd5 Qd6 16. g3 Bh3 17. Re1 f5 18. dxc6 f4 19. Bc4+ Kh8 20. Qxd6 Bxd6 21. Ng2 bxc6 22. Rbd1 Bc7 23. Be6 fxg3 24. hxg3 Bxe6 25. Rxe6 Ng4 26. c4 Rxf2 27. Ba1 Bxg3 28. Re7 Rxa2 29. Bxg7+ Kg8 30. Bd4 h5 31. Rf1 Rd2 32. Rg7+ Kh8 33. Rxg4+ 1-0

[Event "SWE-ch Veterans"]
[Site "Falun"]
[Date "2012.07.09"]
[Round "3"]
[White "Malmdin, Nils Ake"]
[Black "Hallerod, Ralph"]
[Result "0-1"]
[WhiteElo "2305"]
[BlackElo "2068"]
[PlyCount "60"]
[EventDate "2012.07.07"]
[EventType "swiss"]
[EventRounds "9"]
[EventCountry "SWE"]
[SourceTitle "CBM 149 Extra"]
[Source "ChessBase"]
[SourceDate "2012.08.24"]
[SourceVersion "1"]
[SourceVersionDate "2012.08.24"]
[SourceQuality "1"]

1. e4 c6 2. d4 d5 3. e5 Bf5 4. h4 h6 5. g4 Be4 6. Rh3 e6 7. Nd2 Bh7 8. Nb3 h5 9. Bg5 f6 10. exf6 gxf6 11. Bf4 Bd6 12. Bxd6 Qxd6 13. Re3 Nd7 14. Qe2 e5 15. g5 0-0-0 16. 0-0-0 e4 17. Bh3 f5 18. Na5 Ne7 19. Rb3 Nb6 20. Qd2 Kc7 21. Ne2 Ng6 22. Bxf5 Nxh4 23. Bh3 Nf3 24. Qe3 Rdf8 25. Rh1 Bg6 26. a3 Rh7 27. Rb4 Rhf7 28. c4 dxc4 29. Bg2 Qd5 30. Ng3 Qxa5 0-1

[Event "SWE-ch Veterans"]
[Site "Falun"]
[Date "2012.07.08"]
[Round "2"]
[White "Hallerod, Ralph"]
[Black "Hedin, Gunnar"]
[Result "1-0"]
[WhiteElo "2068"]
[BlackElo "2113"]
[PlyCount "61"]
[EventDate "2012.07.07"]
[EventType "swiss"]
[EventRounds "9"]
[EventCountry "SWE"]
[SourceTitle "CBM 149 Extra"]
[Source "ChessBase"]
[SourceDate "2012.08.24"]
[SourceVersion "1"]
[SourceVersionDate "2012.08.24"]
[SourceQuality "1"]

1. Nf3 f5 2. c4 Nf6 3. g3 g6 4. Bg2 Bg7 5. 0-0 0-0 6. Nc3 d6 7. d4 c6 8. Rb1 Kh8 9. Bf4 Nh5 10. Qd2 Nxf4 11. Qxf4 e5 12. dxe5 dxe5 13. Qd2 Qe7 14. Rfd1 Be6 15. b3 e4 16. Ne1 Qf6 17. Na4 Na6 18. e3 Rad8 19. Qa5 Qe7 20. c5 h5 21. Bf1 Bc8 22. Ng2 g5 23. h4 Rxd1 24. Rxd1 f4 25. exf4 Bg4 26. Rd6 gxf4 27. Nxf4 Rxf4 28. gxf4 Nc7 29. Qxa7 e3 30. Qb8+ Kh7 31. Bd3+ 1-0